Test znajomości głównych postaci w La Casa De Papel - Statystyki

Ogólne statystyki
  • Ten quiz został rozwiązany 435 razy
  • Średni wynik to 12 z 14
Statystyki odpowiedzi
Bohaterowie % Poprawnych
Tokio
97%
Helsinki
94%
Profesor
94%
Berlin
93%
Nairobi
92%
Denver
91%
Oslo
91%
Rio
90%
Moskwa
85%
Lizbona
80%
Sztokholm
80%
Palermo
67%
Bogota
61%
Marsylia
55%
Nie znaleziono quizów pasujących do podanych kryteriów
Rozkład punktacji
Procent ludzi z każdym wynikiem
Percentyl według liczby udzielonych odpowiedzi
Twoja historia wyników
Nie rozwiązałeś tego quizu